NBA Points by U.S. State - with a Map (Top 3 Scorers per State) - Statistics

General Stats
  • This quiz has been taken 118 times
  • The average score is 16 of 51
Answers on the Map
Answers color-coded by a green-red scale on the quiz's map according to % correct below.
 
Answer Stats
Players (Points) Total Points Birth State % Correct
LeBron James (43,440); Stephen Curry (26,528); John Havlicek (26,395) 96,363 Ohio
94%
Kareem Abdul-Jabbar (38,387); Michael Jordan (32,292); Julius Erving (30,026) 100,705 New York
73%
James Harden (29,339); Russell Westbrook (27,176); DeMar DeRozan (26,711) 83,226 California
64%
Kobe Bryant (33,643); Wilt Chamberlain (31,419); Earl Monroe (17,454) 82,516 Pennsylvania
63%
Larry Bird (21,791); Zach Randolph (18,578); Dick Barnett (15,358) 55,717 Indiana
58%
George Gervin (26,595); Devin Booker (18,120); Magic Johnson (17,707) 62,422 Michigan
51%
Moses Malone (29,580); Allen Iverson (24,368); Bob Dandridge (15,530) 69,478 Virginia
50%
Dan Issel (27,482); Dwayne Wade (23,165); Terry Cummings (19,460) 70,107 Illinois
49%
Chris Paul (23,058); Walt Bellamy (20,941); Walter Davis (19,521) 63,520 North Carolina
48%
Charles Barkley (23,757); Jeff Malone (17,231); George McGinnis (17,009) 57,997 Alabama
47%
Kevin Durant (32,597); Adrian Dantley (23,177); Elgin Baylor (23,149) 78,923 District of Columbia
45%
Shaquille O'Neal (28,596); Rick Barry (25,279); Karl-Anthony Towns (16,384) 70,259 New Jersey
45%
LaMarcus Aldridge (20,558); Chrish Bosh (17,189); Grant Hill (17,137) 54,884 Texas
43%
Karl Malone (36,928); Elvin Hayes (27,313); Robert Parish (23,334) 87,575 Louisiana
42%
Vince Carter (25,728); Artis Gilmore (24,941); David Robinson (20,790) 71,459 Florida
40%
Ron Boone (17,437); Blake Griffin (14,513); Wayman Tisdale (12,878) 44,828 Oklahoma
40%
John Stockton (19,711); Jamal Crawford (19,419); Jason Terry (18,881) 58,011 Washington
40%
Joe Johnson (20,407); Scottie Pippen (18,940); Glen Rice (18,336) 57,683 Arkansas
37%
Dwight Howard (19,485); Dale Ellis (19,004); World B. Free (17,955) 56,444 Georgia
36%
Jerry West (25,192); Hal Greer (21,586); Deron Williams (13,804) 60,582 West Virginia
36%
Mario Chalmers (5,743); Daishen Nix (331); Only 2 players from state 6,074 Alaska
33%
Kevin Garnett (26,071); Alex English (25,613); Larry Nance (15,687) 67,371 South Carolina
33%
No players from state 0 Vermont
30%
Kevin McHale (17,335); Mark Olberding (8,940); Dick Garmaker (5,597) 31,872 Minnesota
28%
Phil Jackson (5,428); Mike Lewis (4,081); Larry Krystkowiak (3,425) 12,934 Montana
28%
Chauncey Billups (15,802); Derrick White (7,666); Chuck Williams (6,894) 30,362 Colorado
27%
Duncan Robinson (5,737); Jeff Turner (3,697); Cooper Flagg (1,473) 10.907 Maine
26%
Matt Bonner (4,632); Only 1 player from state 4,632 New Hampshire
26%
Cedric Ceballos (8,693); Red Rocha (6,362); Only 2 players from state 15,055 Hawaii
23%
Tom Chambers (20,049); Byron Scott (15,097); John Collins (8,488) 43,634 Utah
23%
Cliff Hagan (14,870); Allan Houston (14,551); Dave Cowens (13,516) 42,937 Kentucky
22%
Sam Cassell (15,635); Jeff Green (14,480); Steve Francis (10,446) 40,561 Maryland
22%
Bradley Beal (17,306); Jo Jo White (14,399); Jason Tatum (14,132) 45,837 Missouri
21%
Ricky Davis (9,912); Greg Anthony (5,497); C.J. Watson (4,344) 19,753 Nevada
21%
Oscar Robertson (26,710); Bailey Howell (17,770); Lou Williams (15,593) 60,073 Tennessee
21%
Sean Elliott (10,544); Jerryd Bayless (4,909); Marvin Bagley III (4,106) 19,559 Arizona
20%
Latrell Sprewell (16,712); Terry Porter (15,586); Fred Brown (14,018) 46,316 Wisconsin
20%
Luke Ridnour (7,740); Charlie Black (1,245); Steve Hayes (545) 9,530 Idaho
19%
Harrison Barnes (14,572); Kirk Hinrich (9,594); Raef LaFrentz (5,690) 29,856 Iowa
19%
Mike Newlin (12,507); A.C. Green (12,331); Danny Ainge (11,964) 36,802 Oregon
19%
James Johnson (5,830); Vern Gardner (1,339); Floyd Volker (397) 7,566 Wyoming
19%
Bill Laimbeer (13,790); Dana Barros (8,901; Vinny Del Negro (7,038) 29,729 Massachusetts
17%
Walt Hazzard (9,087); Donte DiVincenzo (5,469); Bones Hyland (2,366) 16,922 Delaware
16%
Bob Boozer (12,964); Kenny Sailors (3,480); Fred Hoiberg (2,944) 19,388 Nebraska
16%
Chet Walker (18,831); Spencer Haywood (17,111); Monta Ellis (14,858) 50,800 Mississippi
15%
Doug McDermott (6,162); Tyler Johnson (3,469); Mark Landsberger (2,468) 12,099 North Dakota
15%
Marvin Barnes (5,034); Ernie DiGregorio (2,997); Ernie Calverley (1,961) 9,992 Rhode Island
15%
Mike Miller (10,973); Jon Sundvold (3,886); Med Park (1,924) 16,783 South Dakota
15%
Calvin Murphy (17,949); Mike Gminski (10,953); Michael Adams (9,621) 38,523 Connecticut
12%
Alvan Adams (13,910); Scott Wedman (11,916); Lucius Allen (9,407) 35,233 Kansas
12%
Bill Bridges (11,012); Andre Roberson (1,382); Rudy White (384) 12,778 New Mexico
12%
No matching quizzes found
Score Distribution
Percent of People with Each Score
Percentile by Number Answered
Your Score History
You have not taken this quiz